00963nam a22002537a 4500999001700000003000900017008004100026040007100067082001900138100002000157245003200177260003900209300002800248440002800276505014300304650001900447650003000466650001800496650001600514700004400530942001600574945002000590952009900610 c15938d15938AR-CdUCM190430b ||||| |||| 00| 0 spa d aMUNICIPALIDAD PROVINCIAL DEL CUSCOcBIBLIOTECA MUNICIPAL DEL CUSCO a943.086 /bD71 aDimitrov, Jorge aEl incendio del reichstag / aMéxico, D.F. :bGrijalbo,c1968. a159 páginas ;c19 cm. aColección ;n7092202 aContenido: En prisión preventiva -- Ante el tribunal del reich -- Después de la sentencia absolutoria -- En la Unión Soviética ... aAlemania91327 aNacionalsocialismo935184 aHistoria9136 aSiglo XX98 aCáceres C., Rafael (traductor)935185 2ddccLIBROS aacvd2019-04-30 002ddc4070aSHbSHcCARTd2019-04-30g25.00o943.086 / D71pSH0000011148r2019-04-30yLIBROS